000
00241nam a2200097Ia 4500
008
230915s9999 xx 000 0 und d
050
_a
HF 5718 .B68 2018
100
_a
BOVEE COURTLAND L.
245
0
_a
BUSINESS COMMUNICATION TODAY
942
_c
BK
999
_c
84793
_d
84793